Central Library OPAC University of Rajshahi

Chinese art / (Record no. 16930)

MARC details
000 -LEADER
fixed length control field 00801cam a22002651 4500
001 - CONTROL NUMBER
control field 16930
003 - CONTROL NUMBER IDENTIFIER
rucl marc code BD-RjUL
005 - DATE AND TIME OF LATEST TRANSACTION
control field 20211209000052.0
008 - FIXED-LENGTH DATA ELEMENTS--GENERAL INFORMATION
fixed length control field 140215r19241904enk 001 0 eng
035 ## - SYSTEM CONTROL NUMBER
System control number (BD-RjUL)16986
System control number (OCoLC)4332837
040 ## - CATALOGING SOURCE
Original cataloging agency DLC
Transcribing agency TxDaM-P
Modifying agency OCoLC
-- DLC
-- BD-RjUL
Language of cataloging eng
041 ## - LANGUAGE CODE
Language code of text/sound track or separate title eng
082 ## - DEWEY DECIMAL CLASSIFICATION NUMBER
Classification number 709.51
Author mark and year BUC
Edition number 23
100 1# - MAIN ENTRY--PERSONAL NAME
Personal name Bushell, Stephen W.
Fuller form of name (Stephen Wootton),
Dates associated with a name 1844-1908.
9 (RLIN) 52250
245 10 - TITLE STATEMENT
Title Chinese art /
Statement of responsibility, etc. Stephen W. Bushell.
260 ## - PUBLICATION, DISTRIBUTION, ETC. (IMPRINT)
Place of publication, distribution, etc. London :
Name of publisher, distributor, etc. Printed for H. M. Stationery Off. by Wyman and Sons,
Date of publication, distribution, etc. 1904[ reprinted 1924]
300 ## - PHYSICAL DESCRIPTION
Pagination V. :
Illustrations ill. ;
Size 22 cm.
504 ## - BIBLIOGRAPHY, ETC. NOTE
Bibliography, etc Includes index.
505 ## - FORMATTED CONTENTS NOTE
Formatted contents note Vol. 1, 2
650 #0 - SUBJECT ADDED ENTRY--TOPICAL TERM
Topical term or geographic name as entry element Art, Chinese.
9 (RLIN) 50549
Topical term or geographic name as entry element Decorative arts
Geographic subdivision China.
9 (RLIN) 52251
942 ## - ADDED ENTRY ELEMENTS (KOHA)
Source of classification or shelving scheme Dewey Decimal Classification
Koha item type Books
Holdings
Lost status Source of classification or shelving scheme Damaged status Not for loan Collection code Permanent Location Current Location Shelving location Date acquired Source of acquisition Cost, normal purchase price Total Checkouts Full call number Date last seen Copy number Koha item type
  Dewey Decimal Classification   Not For Loan Non-fiction Central Library, University of Rajshahi Central Library, University of Rajshahi Reading Room 30/12/1963 Zeitlinger 55.00   709.51 BUC V-1 1924 15/02/2014 C-1 Books
  Dewey Decimal Classification     Non-fiction Central Library, University of Rajshahi Central Library, University of Rajshahi   30/12/1963 Zeitlinger 55.00   709.51 BUC V-2 1924 26/11/2016 C-2 Books